| 000 | 00814nam a22002177a 4500 | ||
|---|---|---|---|
| 003 | OSt | ||
| 005 | 20230112110639.0 | ||
| 008 | 230112b |||||||| |||| 00| 0 eng d | ||
| 020 | _a978 9930 9443 8 7 | ||
| 040 | _cBiblioteca Lado V | ||
| 082 |
_a709 _bC512c |
||
| 100 |
_9505 _aChavarria Zamora, Maria Jose _eautora |
||
| 245 |
_aConstrucciones | Invenciones:/ _bDe la Suiza Centroamericana al país mas feliz del mundo/ |
||
| 260 |
_aCosta Rica _bMuseo de Arte y Diseño contemporaneo _c2013 |
||
| 300 |
_a81p. _c21x24cm |
||
| 650 |
_2Tesauro de Arte & Arquitectura _aARTE COSTARRICENSE |
||
| 650 |
_2Tesauro de Arte & Arquitectura _aPINTURA |
||
| 650 |
_2Tesauro de Arte & Arquitectura _aDIBUJO |
||
| 650 |
_2Tesauro de Arte & Arquitectura _aCOSTA RICA |
||
| 942 |
_2ddc _c1 _h709 _iC512c _n0 |
||
| 999 |
_c2743 _d2743 |
||